Ewolucje pokemonów - Statystyki

Ogólne statystyki
  • Ten quiz został rozwiązany 961 razy
  • Średni wynik to 8 z 10
Statystyki odpowiedzi
Pokemom Ostatnia ewolucja % Poprawnych
Charmander Charizard
95%
Pikachu Raichu
95%
Grimer Muk
85%
Geodude Golem
84%
Pidgey Pidgeot
84%
Bulbasaur Venusaur
81%
Magikarp Gyarados
80%
Cleffa Clefable
65%
Shinx Luxray
60%
Yamask Cofagrigus
40%
Nie znaleziono quizów pasujących do podanych kryteriów
Rozkład punktacji
Procent ludzi z każdym wynikiem
Percentyl według liczby udzielonych odpowiedzi
Twoja historia wyników
Nie rozwiązałeś tego quizu